| 000 | 00719nam a2200229 i 4500 | ||
|---|---|---|---|
| 001 | bg | ||
| 100 | 1 | _aMAGDA, Waldemar | |
| 245 | 1 | 0 |
_aRurociągi podmorskie : _bzasady projektowania / _cWaldemar Magda. |
| 260 |
_aWarszawa : _bWydawnictwa Naukowo-Techniczna, _c2004. |
||
| 300 |
_a480 s. : _brys., wyk.r ; _c24 cm. |
||
| 504 | _aBibliogr. | ||
| 650 | 9 |
_aRurociągi _xprojekty |
|
| 655 | _aPodręczniki akademickie | ||
| 020 | _a832042920X | ||
| 040 | _cBPK | ||
| 041 | 0 | _apol | |
| 080 | _a621.644.001.13./.14(075.8) | ||
| 920 | _a83-204-2920-X | ||
| 942 | _cKS | ||
| 008 | s pl f |000 0 pol | ||
| 999 |
_c52052 _d52052 |
||
| 856 |
_uhttp://koha.tu.koszalin.pl/cgi-bin/koha/opac-detail.pl?biblionumber=52052 _yKatalog online BPK |
||